Statistics for US states starting with New, North, South, or West

Click here to take the quiz!

General Stats

  • This quiz has been taken 32 times
  • The average score is 8 of 9

Answer Stats

Answer% Correct
North Dakota
100%
South Dakota
100%
South Carolina
97%
North Carolina
93%
New Jersey
90%
New York
90%
West Virginia
90%
New Hampshire
87%
New Mexico
87%

Score Distribution

Percentile by Number Answered

Percent of People with Each Score

Your Score History

You have not taken this quiz